000 00201nam a2200109Ia 4500
100 _aMORTON/H.V.
942 _cBK
245 _aTRAVELLER IN ROME.
260 _b#N/A
546 _aENGLISH
999 _c27623
_d27623